000
00275nam a2200121Ia 4500
008
190216s9999||||xx |||||||||||||| ||und||
100
_a
Eric Williams
245
4
_a
The Wooden Horse
260
_b
Macmillan India Ltd
_c
1981
300
_a
226p
650
_a
Novel
942
_c
BK
999
_c
13095
_d
13095